| 000 | 00810nam a2200265 4500 | ||
|---|---|---|---|
| 001 | 24101 | ||
| 003 | BD-RjUL | ||
| 005 | 20211209001017.0 | ||
| 008 | 140312s1973 enka b 001 0beng | ||
| 020 | _a0094592209 | ||
| 035 | _a(BD-RjUL)24167 | ||
| 040 |
_aDLC _cDLC _dDLC _dBD-RjUL _beng |
||
| 041 | _aeng | ||
| 082 | 0 | 0 |
_a741.5942 _bLEH 1973 |
| 100 | 1 |
_aLewis, John, _d1912-1996. _974249 |
|
| 245 | 0 | 0 |
_aHeath Robinson : _bartist and comic genius / _cJohn Lewis. Introd. by Nicolas Bentley. |
| 260 |
_aLondon : _bConstable, _cc1973. |
||
| 300 |
_a223 p. : _bill. (part col.) ; _c27 cm. |
||
| 350 | _a£5.00 | ||
| 504 | _aBibliography: p. 213-219. and index. | ||
| 600 | 1 | 0 |
_aRobinson, W. Heath _q(William Heath), _d1872-1944. _974256 |
| 942 |
_2ddc _cBK |
||
| 999 |
_c24101 _d24101 |
||